000 00464nam a2200145Ia 4500
008 100122s9999 xx 000 0 und d
082 _b9941
_a929.2
100 _aभोसले म भा
245 _aभोसले वंश चरित्र
260 _bप्रकाशक शोधणे
_c1950
300 _a60
630 _aभोसले वंश चरित्र
730 _aभोसले वंश चरित्र
942 _cBOOK
999 _c401747
_d401744